|
|
|
|
| LEADER |
00837nab#a2200289#ar4500 |
| 001 |
000046613 |
| 003 |
SVKKK |
| 005 |
20031030112120.0 |
| 008 |
031030c xo e sloo |
| FMT |
|
|
|
| 038 |
|
|
|a SVKKK
|
| 040 |
|
|
|a SVKKK
|b slo
|e AACR2
|
| 041 |
0 |
|
|a slo
|
| 044 |
|
|
|a xo
|c SK
|
| 080 |
|
|
|a 792.2
|2 1997
|
| 100 |
1 |
|
|a Kiraľvargová, Dáša
|4 aut
|
| 245 |
1 |
0 |
|a Snažili sa rozlúsknuť oriešok, čo s nevernicou :
|b Divadlo 9 múz uviedlo chorvátsku hru ´Muž mojej ženy´
|c Dáša Kiraľvargová
|
| 300 |
|
|
|b Fotogr.
|
| 610 |
2 |
4 |
|a Divadlo 9 múz (Košice, Slovensko)
|x Muž mojej ženy (hra divadelná)
|x hodnotenie
|x informácie
|
| 773 |
0 |
|
|t Košický večer
|g Roč. 14(35), č. 22 (3.2.2003), s. 6
|
| 957 |
|
|
|a 802
|
| 958 |
|
|
|a KE
|
| 974 |
|
|
|a Čr
|
| 992 |
|
|
|a RBX
|
| BAS |
|
|
|
| 852 |
|
|
|a SVKKK
|b BIB
|
| 998 |
|
|
|a REG
|